Responses for show #4345 - Friday, June 20, 2003

Contestants

Peter O'Malley, a writer and teacher from Boston, Massachusetts

Bruce Adair, a restaurant manager from Denver, Colorado

Carmen Ostrander, a banker from Ord, Nebraska

Jeopardy! Round responses

BIOGRAPHY
(Alex: This is a reference to the series on A&E.)
MOVIE MUSICALS
BIBLICAL QUOTES
FOOD & DRINK
NATIONAL PARKS
AN "IF"FY CATEGORY
    $200 8
Ethel Kennedy

Carmen
    $200 1
The Music Man

Carmen
    $200 19
camel

Bruce
    $200 3
(Bruce: What is chili?)

Dinty Moore

CarmenBruce
    $200 13
Grand Canyon

Peter
    $200 14
cliff

Bruce
    $400 9
Jamie Lee Curtis

Carmen
    $400 2
Audrey Hepburn

Bruce
    $400 20
Solomon

Peter
    $400 4
Gerber

Peter
    $400 24
(Bruce: What is Redwood National Forest?)

Sequoia

BrucePeter
    $400 15
sniff

Peter
    $600 10
Jimmy Swaggart

Bruce
    $600 28
Guys and Dolls

Carmen
    $600 21
(Carmen: Who is Nebuchadnezzar?)
(Bruce: Who is Pontius Pilate?)

Caesar

CarmenBrucePeter
    $1,000 5
(Peter: Who is Aunt Jemima?)

Betty Crocker

Peter
    $600 25
(Alex: Less than a minute to go now.)

Alaska

Triple Stumper
    $600 16
airlift

Bruce
    $800 11
Meyer Lansky

Bruce
    $800 29
Richard Gere

Carmen
    $800 22
wine

Bruce
    $800 6
Alps

Bruce
    $800 26
(Carmen: What is Michigan?)

Lake Superior

CarmenBruce
    $800 17
adrift

Peter
    $1000 12
(Carmen: Who is Peary?)

Ernest Shackleton

Carmen
Triple Stumper
    $1000 30
Meet Me in St. Louis

Carmen
    $1000 23
Joseph

Bruce
    $1000 7
pharmacists

Bruce
    $1000 27
(Bruce: What is Pueblo?)

Mesa Verde

CarmenBruce
    $1000 18
aperitif

Peter

Scores at the first commercial break (after clue 13):

Carmen Bruce Peter
$0 $3,400 -$400

Scores at the end of the Jeopardy! Round:

Carmen Bruce Peter
$2,000 $5,000 $3,200

Double Jeopardy! Round responses

MATHEMATICS
WONDER YEARS ALUMNI
(Alex: A reference to the TV series.)
ONE WORD ONLY, PLEASE
SILVER
CHINA
(Alex: And you would find both of them...)
IN THE CABINET
    $400 6
5 (2 + 3)

Peter
    $400 26
Fred Savage

Bruce
    $400 1
practice

Carmen
    $400 9
Judas

Peter
    $400 14
Mao Tse-tung

Carmen
    $400 19
Alexander Hamilton

Carmen
    $2,000 7
(Peter: What is 1?)
....
(Alex: When you hear it, it makes you angry that you didn't get it!)

-4

Peter
    $800 28
[buzzer sounds to end round]

David Schwimmer

Triple Stumper
    $800 2
Fantasia

Peter
    $800 10
(Carmen: What is the mother lode?)

Comstock Lode

Carmen
Triple Stumper
    $800 15
Tiananmen Square

Peter
    $800 20
James Monroe

Peter
    $1200 8
(Carmen: What is 1/6?)
....
(Alex: Hmmm, yeah, our judges saying we'll accept that; the number is, lowest denominator is 6, so we're taking it -- it is 1 in 6.)

6

Carmen
    $1200 3
muggle

Bruce
    $1200 11
Ag

Peter
    $1200 16
Yellow River

Bruce
    $1200 21
(Alex: With about a minute to go.)

Secretary of War

Peter
    $1600 24
union

Triple Stumper
    $1600 4
Freedom

Triple Stumper
    $1600 12
Paul Revere

Carmen
    $1600 17
Mandarin

Carmen
    $3,000 22
(Alex: They were split in 1913.)

Labor

Peter
    $2000 25
prime numbers

Triple Stumper
    $2000 27
(Carmen: Who is Maryam d'Abo?)

Olivia d'Abo

CarmenPeter
    $2000 5
"It's"

Bruce
    $2000 13
Morgan silver dollar

Triple Stumper
    $2000 18
(Carmen: What is the Tong Society?)

Boxers

Carmen
Triple Stumper
    $2000 23
William Bennett

Peter

Scores at the end of the Double Jeopardy! Round:

Carmen Bruce Peter
$2,800 $9,800 $13,800

[wagering suggestions for these scores]

Final Jeopardy! Round responses

FORMER WORLD LEADERS
CarmenWho is Aquino?
$2,500
BruceWho ?
$4,001
PeterWho is [Thatcher]? Pu
$6,200
Corazon Aquino (of the Philippines)

Final scores:

Carmen Bruce Peter
$5,300 $5,799 $7,600
3rd place: $1,000 2nd place: $2,000 New champion: $7,600

Game dynamics:

Coryat scores:

Carmen Bruce Peter
$2,800 $9,800 $15,400
14 R,
6 W
15 R,
4 W
18 R
(including 1 DD),
2 W
(including 2 DDs)

Combined Coryat: $28,000

The J! Archive is created by fans, for fans. The Jeopardy! game show and all elements thereof, including but not limited to copyright and trademark thereto, are the property of Jeopardy Productions, Inc. and are protected under law. This website is not affiliated with, sponsored by, or operated by Jeopardy Productions, Inc. Join the discussion at JBoard.tv.